000 01065nam a22003137a 4500
001 BR2013006721
003 BR-BrBNA
005 20230928104240.0
007 ta
008 230509b bl.||||| |||| 00| 0 por d
040 _aBR-BrBNA
_bpor
_cBiblioteca Nacional de Agricultura
041 _a(Por)
072 _aL10; U10
_b5300
090 _ 5300 BR2013006721
100 1 _aLázaro, S.F.
110 1 _aUniversidade Federal de Minas Gerais, Belo Horizonte (Brasil). Escola de Veterinária
_0Tese (Mestre em Zootecnia)
245 1 _aAvaliação genética do tamanho de leitegada em suínos das raças Landrace e Large White utilizando modelos de regressão aleatória
260 3 _aBelo Horizonte, MG (Brasil):
_c2013.
300 _a58 p.
500 _aSummaries (Eng, Por); Bibliography p. 41-47; 11 tables
650 _aSUÍNO
650 _aLEITEGADA
650 _aGENÉTICA ANIMAL
650 _aREGRESSÃO LINEAR
650 _a5MELHORAMENTO GENÉTICO ANIMAL
650 _aHEREDITARIEDADE
909 _a202309
_bLucia
_c55
_dLucia Elande
942 _cBK
999 _c78900
_d78900